00889nam a2200181 a 4500003000200000005001700002008004100019050002900060100003200089245022800121260009000349300002300439504004100462650006400503650006100567650003900628650004000667020250218090900.0110617s19uu xx 00 eng d aPHS HV 888.P6b.D36 2011 ade Castro, Ma. Margarita D. aThe extent of implementation of the optional protocol by the Department of Social Welfare and Development (DSWD) during the Arroyo administration (2001-2010) in terms of rehabilitative support /cMa. Margarita D. de Castro. aLas Piñas City, Philippines :bSouthville International School and Colleges,c2011. a42 pages ;c28 cm. aIncludes bibliographical references. aDepartment of Social Welfare and Development (Philippines). aRehabilitation servicesxGovernment policyvPhilippines. aArroyo administrationxdescriptive aRehabilitative supportxdescriptive